<?xml version="1.0" encoding="UTF-8"?>
<record
    xmlns:xsi="http://www.w3.org/2001/XMLSchema-instance"
    xsi:schemaLocation="http://www.loc.gov/MARC21/slim http://www.loc.gov/standards/marcxml/schema/MARC21slim.xsd"
    xmlns="http://www.loc.gov/MARC21/slim">

  <leader>01648cam a2200445 i 4500</leader>
  <controlfield tag="001">xx001431185</controlfield>
  <controlfield tag="003">NUKAT</controlfield>
  <controlfield tag="005">20260122112839.0</controlfield>
  <controlfield tag="008">091006s1979    pl a         |000 0apol c</controlfield>
  <datafield tag="020" ind1=" " ind2=" ">
    <subfield code="a">8370020100</subfield>
    <subfield code="q">(oprawa mi&#x119;kka)</subfield>
  </datafield>
  <datafield tag="035" ind1=" " ind2=" ">
    <subfield code="a">(OCoLC)750593179</subfield>
  </datafield>
  <datafield tag="035" ind1=" " ind2=" ">
    <subfield code="a">(NUKAT)xx001431185</subfield>
  </datafield>
  <datafield tag="040" ind1=" " ind2=" ">
    <subfield code="a">LUBL M/IK</subfield>
    <subfield code="b">pol</subfield>
    <subfield code="e">rda</subfield>
    <subfield code="c">LUBL M/IKs</subfield>
    <subfield code="d">LUBL M/JD</subfield>
    <subfield code="d">OLSZT 008/bak</subfield>
  </datafield>
  <datafield tag="045" ind1="2" ind2=" ">
    <subfield code="b">d1918</subfield>
    <subfield code="b">d1978</subfield>
  </datafield>
  <datafield tag="046" ind1=" " ind2=" ">
    <subfield code="k">1978</subfield>
  </datafield>
  <datafield tag="100" ind1="1" ind2=" ">
    <subfield code="a">Turkowski, Leonard</subfield>
    <subfield code="d">(1914-1985).</subfield>
    <subfield code="e">Autor</subfield>
    <subfield code="9">31033</subfield>
  </datafield>
  <datafield tag="245" ind1="1" ind2="0">
    <subfield code="a">Ksi&#x119;ga mojego domu /</subfield>
    <subfield code="c">Leonard Turkowski.</subfield>
  </datafield>
  <datafield tag="250" ind1=" " ind2=" ">
    <subfield code="a">Wydanie I.</subfield>
  </datafield>
  <datafield tag="260" ind1=" " ind2=" ">
    <subfield code="a">Olsztyn :</subfield>
    <subfield code="b">Wydawnictwo Pojezierze,</subfield>
    <subfield code="c">1979.</subfield>
  </datafield>
  <datafield tag="300" ind1=" " ind2=" ">
    <subfield code="a">386, [2] strony :</subfield>
    <subfield code="b">ilustracje ;</subfield>
    <subfield code="c">20 cm.</subfield>
  </datafield>
  <datafield tag="336" ind1=" " ind2=" ">
    <subfield code="a">Tekst</subfield>
    <subfield code="b">txt</subfield>
    <subfield code="2">rdacontent</subfield>
  </datafield>
  <datafield tag="337" ind1=" " ind2=" ">
    <subfield code="a">Bez urz&#x105;dzenia po&#x15B;rednicz&#x105;cego</subfield>
    <subfield code="b">n</subfield>
    <subfield code="2">rdamedia</subfield>
  </datafield>
  <datafield tag="338" ind1=" " ind2=" ">
    <subfield code="a">Wolumin</subfield>
    <subfield code="b">nc</subfield>
    <subfield code="2">rdacarrier</subfield>
  </datafield>
  <datafield tag="380" ind1=" " ind2=" ">
    <subfield code="a">Ksi&#x105;&#x17C;ki</subfield>
  </datafield>
  <datafield tag="380" ind1=" " ind2=" ">
    <subfield code="a">Literatura faktu, eseje, publicystyka</subfield>
  </datafield>
  <datafield tag="386" ind1=" " ind2=" ">
    <subfield code="m">Przynale&#x17C;no&#x15B;&#x107; kulturowa</subfield>
    <subfield code="a">Literatura polska</subfield>
  </datafield>
  <datafield tag="388" ind1="1" ind2=" ">
    <subfield code="a">1901-2000</subfield>
  </datafield>
  <datafield tag="388" ind1="1" ind2=" ">
    <subfield code="a">1945-1989</subfield>
  </datafield>
  <datafield tag="500" ind1=" " ind2=" ">
    <subfield code="a">Stanowi 1 cz&#x119;&#x15B;&#x107; trylogii wspomnie&#x144; autora; cz. 2 pt. Ksi&#x119;ga mojego miasta, cz. 3 pt. Ksi&#x119;ga Warmii i Mazur.</subfield>
  </datafield>
  <datafield tag="600" ind1="1" ind2="7">
    <subfield code="a">Turkowski, Leonard</subfield>
    <subfield code="d">(1914-1985)</subfield>
    <subfield code="v">biografie.</subfield>
    <subfield code="2">kaba</subfield>
    <subfield code="9">31033</subfield>
  </datafield>
  <datafield tag="600" ind1="1" ind2="7">
    <subfield code="a">Turkowski, Leonard</subfield>
    <subfield code="d">(1914-1985)</subfield>
    <subfield code="2">DBN</subfield>
    <subfield code="9">31033</subfield>
  </datafield>
  <datafield tag="648" ind1=" " ind2="7">
    <subfield code="a">1918-1939</subfield>
    <subfield code="2">DBN</subfield>
  </datafield>
  <datafield tag="648" ind1=" " ind2="7">
    <subfield code="a">1939-1945</subfield>
    <subfield code="2">DBN</subfield>
  </datafield>
  <datafield tag="648" ind1=" " ind2="7">
    <subfield code="a">1945-1989</subfield>
    <subfield code="2">DBN</subfield>
  </datafield>
  <datafield tag="648" ind1=" " ind2="7">
    <subfield code="a">1901-2000</subfield>
    <subfield code="2">DBN</subfield>
    <subfield code="9">34996</subfield>
  </datafield>
  <datafield tag="655" ind1=" " ind2="7">
    <subfield code="a">Pami&#x119;tniki i wspomnienia</subfield>
    <subfield code="2">DBN</subfield>
    <subfield code="9">35005</subfield>
  </datafield>
  <datafield tag="710" ind1="2" ind2=" ">
    <subfield code="a">Stowarzyszenie Spo&#x142;eczno-Kulturalne "Pojezierze" (Olsztyn).</subfield>
    <subfield code="b">Wydawnictwo.</subfield>
    <subfield code="e">Wydawca</subfield>
    <subfield code="4">pbl</subfield>
    <subfield code="9">11709</subfield>
  </datafield>
  <datafield tag="920" ind1=" " ind2=" ">
    <subfield code="a">83-7002-010-0 (oprawa mi&#x119;kka)</subfield>
  </datafield>
  <datafield tag="942" ind1=" " ind2=" ">
    <subfield code="2">ddc</subfield>
    <subfield code="c">BK_NM</subfield>
  </datafield>
  <datafield tag="999" ind1=" " ind2=" ">
    <subfield code="c">26344</subfield>
    <subfield code="d">26344</subfield>
  </datafield>
  <datafield tag="952" ind1=" " ind2=" ">
    <subfield code="0">0</subfield>
    <subfield code="1">0</subfield>
    <subfield code="2">ddc</subfield>
    <subfield code="4">0</subfield>
    <subfield code="7">0</subfield>
    <subfield code="8">K_mag</subfield>
    <subfield code="a">BIP</subfield>
    <subfield code="b">BIP</subfield>
    <subfield code="d">2025-11-21</subfield>
    <subfield code="e">D-97/2025</subfield>
    <subfield code="f">D</subfield>
    <subfield code="g">5.00</subfield>
    <subfield code="i">73619</subfield>
    <subfield code="l">0</subfield>
    <subfield code="o">73619</subfield>
    <subfield code="p">IPWK21179</subfield>
    <subfield code="r">2026-01-22 11:29:29</subfield>
    <subfield code="w">2026-01-22</subfield>
    <subfield code="y">BK_NM</subfield>
  </datafield>
</record>
